000 00507nam a22001937a 4500
003 MPLRDC
005 20220104123923.0
008 210129b ||||| |||| 00| 0 eng d
020 _a7-5343-2776-8
082 _a523.378 XQT v.2
100 _a庄锡华
245 _a神秘的造物奇观
_c
250 _a一版一刷
260 _a
_b江苏教育出版社
_c1996
300 _b
490 _a小蜻蜓美育丛书. 自然卷
650 _a小学教学法--艺能科
942 _cBK
_o523.378 XQT v.2
999 _c15236
_d15226